[Event "41 Abierto Ciudad de Sevilla 2016"]
[Site "Sevilla ESP"]
[Date "2016.01.16"]
[Round "9.6"]
[White "Satyapragyan, Swayangsu"]
[Black "Campora Sivori, Daniel"]
[Result "0-1"]
[WhiteElo "2410"]
[BlackElo "2466"]
[PlyCount "57"]
[EventDate "2016.01.08"]
[EventType "swiss"]
[EventRounds "9"]
[EventCountry "ESP"]
[Source "lmi"]
[SourceDate "2016.01.08"]

1. e4 e5 2. Nf3 Nc6 3. Bb5 a6 4. Ba4 Nf6 5. O-O Be7 6. Re1 b5 7. Bb3 d6 8. c3
O-O 9. h3 Na5 10. Bc2 c5 11. d4 Qc7 12. d5 Bd7 13. b3 Ne8 14. Nbd2 g6 15. Nf1
Ng7 16. Bh6 f6 17. N3d2 Nb7 18. a4 Rab8 19. g4 Nd8 20. Ng3 Nf7 21. Be3 Qc8 22.
axb5 axb5 23. Ra7 Bd8 24. Qe2 Bb6 25. Raa1 h5 26. Qf3 h4 27. Ngf1 Ne8 28. Qg2
Kg7 29. f3 0-1

[Event "41 Abierto Ciudad de Sevilla 2016"]
[Site "Sevilla ESP"]
[Date "2016.01.16"]
[Round "9.7"]
[White "Xu, Xiangyu"]
[Black "Corbalan Gomez, Juan Jose"]
[Result "1-0"]
[WhiteElo "2466"]
[BlackElo "2274"]
[PlyCount "89"]
[EventDate "2016.01.08"]
[EventType "swiss"]
[EventRounds "9"]
[EventCountry "ESP"]
[Source "lmi"]
[SourceDate "2016.01.08"]

1. e4 c5 2. Nf3 Nc6 3. d4 cxd4 4. Nxd4 g6 5. c4 Bg7 6. Be3 d6 7. Nc3 Nh6 8. Be2
f5 9. exf5 Nxf5 10. Nxf5 Bxf5 11. Qd2 Qa5 12. Rc1 Rc8 13. O-O Be6 14. Rfd1 O-O
15. b3 b6 16. Nd5 Qxd2 17. Rxd2 h5 18. h3 Kh7 19. Bg5 Bh6 20. Bxh6 Kxh6 21. Re1
Bxd5 22. Rxd5 Ne5 23. h4 Rf6 24. Rd2 Rcf8 25. Bd1 R8f7 26. Re3 Kg7 27. Kf1 Kf8
28. Bc2 Ng4 29. Ree2 e5 30. a4 Rc7 31. Rd5 Rc5 32. Be4 Nh6 33. a5 Rxa5 34. Rxa5
bxa5 35. Ra2 Nf5 36. Bxf5 Rxf5 37. Rxa5 Rf7 38. Ra6 Rd7 39. Ke2 Ke7 40. Kd3 Rc7
41. b4 Rb7 42. Kc3 Rc7 43. Kb3 Rb7 44. f3 Kd7 45. g3 1-0

[Event "41 Abierto Ciudad de Sevilla 2016"]
[Site "Sevilla ESP"]
[Date "2016.01.16"]
[Round "9.8"]
[White "Espinoza Palomino, Willyam"]
[Black "Paunovic, Dragan"]
[Result "1-0"]
[WhiteElo "2342"]
[BlackElo "2432"]
[PlyCount "71"]
[EventDate "2016.01.08"]
[EventType "swiss"]
[EventRounds "9"]
[EventCountry "ESP"]
[Source "lmi"]
[SourceDate "2016.01.08"]

1. e4 c5 2. Nf3 e6 3. d4 cxd4 4. Nxd4 a6 5. Bd3 d6 6. c4 g6 7. Nc3 Bg7 8. Be3
Nf6 9. O-O Nbd7 10. Be2 O-O 11. Nc2 Qc7 12. Qd2 Re8 13. Rad1 Bf8 14. Bg5 b6 15.
Qf4 Be7 16. Qh4 Bb7 17. e5 dxe5 18. Rxd7 Qxd7 19. Bxf6 Bxf6 20. Qxf6 Qd2 21.
Ne3 Qxb2 22. Ng4 h5 23. Nxe5 Rf8 24. Nxg6 fxg6 25. Qxg6+ Kh8 26. Qxh5+ Kg7 27.
Qg5+ Kh8 28. Qh6+ Kg8 29. Qg6+ Kh8 30. Bd3 Rf5 31. Bxf5 exf5 32. Qf6+ Kg8 33.
Rd1 Rf8 34. Qg6+ Kh8 35. Qh6+ Kg8 36. Rd7 1-0

[Event "41 Abierto Ciudad de Sevilla 2016"]
[Site "Sevilla ESP"]
[Date "2016.01.16"]
[Round "9.9"]
[White "Granero Roca, Antonio"]
[Black "Ladron De Guevara Pinto, Paolo"]
[Result "1-0"]
[WhiteElo "2410"]
[BlackElo "2348"]
[PlyCount "132"]
[EventDate "2016.01.08"]
[EventType "swiss"]
[EventRounds "9"]
[EventCountry "ESP"]
[Source "lmi"]
[SourceDate "2016.01.08"]

1. d4 d5 2. Nf3 Nf6 3. c4 e6 4. Nc3 Be7 5. Bg5 h6 6. Bh4 b6 7. e3 O-O 8. Qc2
Bb7 9. cxd5 Nxd5 10. Bxe7 Qxe7 11. Be2 Nd7 12. O-O c5 13. Nxd5 Bxd5 14. Rfc1
Rfc8 15. Qa4 cxd4 16. Nxd4 Nc5 17. Qa3 a5 18. Rc2 Qg5 19. f3 Rd8 20. Rac1 e5
21. Nb5 Bb7 22. Kf2 Rd7 23. e4 Rad8 24. Qe3 Rd2 25. Qxg5 hxg5 26. Ke3 R2d7 27.
Na3 Nd3 28. Rd1 Nb4 29. Rcd2 Rxd2 30. Rxd2 Rxd2 31. Kxd2 Nxa2 32. Nc4 g4 33.
Nxe5 gxf3 34. gxf3 f6 35. Nd7 Nb4 36. Nxb6 Kh7 37. Nc4 Nc6 38. Nd6 Ba8 39. Ke3
g5 40. Bc4 Ne7 41. Be6 Bc6 42. Kd4 Ng6 43. Kc5 Ne5 44. Nc4 Nxc4 45. Bxc4 Be8
46. Kb6 a4 47. Kc5 Kh6 48. Kd6 Bh5 49. Be2 Kg7 50. Ke7 Bg6 51. Bd1 Bh5 52. Ke6
Be8 53. Be2 Bf7+ 54. Ke7 Bb3 55. Kd6 Kh6 56. Kc5 Kg6 57. Kd4 Kh6 58. Ba6 Bf7
59. Ke3 Kg6 60. Be2 Bb3 61. Kd2 Be6 62. Bd1 Bd7 63. Kc3 Kh5 64. Kb4 Kh4 65.
Bxa4 Bxa4 66. Kxa4 Kh3 1-0

[Event "41 Abierto Ciudad de Sevilla 2016"]
[Site "Sevilla ESP"]
[Date "2016.01.16"]
[Round "9.10"]
[White "Lopez Gonzalez, Daniel"]
[Black "Rizouk, Aimen"]
[Result "0-1"]
[WhiteElo "2271"]
[BlackElo "2511"]
[PlyCount "42"]
[EventDate "2016.01.08"]
[EventType "swiss"]
[EventRounds "9"]
[EventCountry "ESP"]
[Source "lmi"]
[SourceDate "2016.01.08"]

1. Nf3 Nf6 2. c4 e6 3. g3 d5 4. Bg2 c5 5. O-O d4 6. b4 cxb4 7. a3 bxa3 8. e3
Nc6 9. Nxa3 Bc5 10. Nb5 O-O 11. Qb3 e5 12. exd4 exd4 13. d3 a6 14. Ba3 axb5 15.
Bxc5 bxc4 16. Qxc4 Be6 17. Qb5 Rxa1 18. Rxa1 Re8 19. Qxb7 Bd5 20. Bb6 Qd6 21.
Re1 Ne5 0-1

[Event "41 Abierto Ciudad de Sevilla 2016"]
[Site "Sevilla ESP"]
[Date "2016.01.16"]
[Round "9.11"]
[White "Sundararajan, Kidambi"]
[Black "Van Hoolandt, Patrick"]
[Result "1-0"]
[WhiteElo "2508"]
[BlackElo "2140"]
[PlyCount "69"]
[EventDate "2016.01.08"]
[EventType "swiss"]
[EventRounds "9"]
[EventCountry "ESP"]
[Source "lmi"]
[SourceDate "2016.01.08"]

1. d4 Nf6 2. Nf3 e6 3. e3 d5 4. Bd3 c5 5. b3 Nc6 6. O-O Be7 7. Bb2 O-O 8. Nbd2
Nb4 9. Be2 b6 10. a3 Nc6 11. Bd3 Bb7 12. Qe2 Qb8 13. Ne5 Nxe5 14. dxe5 Nd7 15.
f4 Rd8 16. f5 exf5 17. Rxf5 c4 18. bxc4 Nc5 19. Raf1 Rf8 20. Kh1 Nxd3 21. cxd3
dxc4 22. Nxc4 Qd8 23. Rf6 Bd5 24. R6f4 Rc8 25. Rg4 Be6 26. Rd4 Qc7 27. Qh5 Qc6
28. Qf3 Qb5 29. Ba1 Qb3 30. Nd6 Rc7 31. Nf5 Bxf5 32. Qxf5 Bxa3 33. Rdf4 Rc1 34.
Bd4 Rxf1+ 35. Rxf1 1-0

[Event "41 Abierto Ciudad de Sevilla 2016"]
[Site "Sevilla ESP"]
[Date "2016.01.16"]
[Round "9.12"]
[White "Komljenovic, Davor"]
[Black "Romero Romero, Sebastian"]
[Result "1-0"]
[WhiteElo "2394"]
[BlackElo "2138"]
[PlyCount "59"]
[EventDate "2016.01.08"]
[EventType "swiss"]
[EventRounds "9"]
[EventCountry "ESP"]
[Source "lmi"]
[SourceDate "2016.01.08"]

1. Nf3 Nf6 2. b3 g6 3. Bb2 Bg7 4. g3 O-O 5. Bg2 d6 6. d4 e5 7. dxe5 Ng4 8. Nc3
Nxe5 9. Nxe5 Bxe5 10. Qd2 c6 11. O-O-O Qa5 12. f4 Bg7 13. Kb1 d5 14. Nxd5 Qxd2
15. Ne7+ Kh8 16. Rxd2 Bd7 17. Rhd1 Re8 18. Rxd7 Nxd7 19. Rxd7 Bxb2 20. Kxb2
Rab8 21. Bf3 Kg7 22. Nxc6 bxc6 23. Rxa7 c5 24. Rc7 Rec8 25. Rxc8 Rxc8 26. a4
Kf6 27. a5 Rc7 28. a6 Ra7 29. Bb7 Ke7 30. Kc3 1-0

[Event "41 Abierto Ciudad de Sevilla 2016"]
[Site "Sevilla ESP"]
[Date "2016.01.16"]
[Round "9.13"]
[White "Gutierrez Jimenez, Juan Manuel"]
[Black "Perez Garcia, Roberto"]
[Result "1-0"]
[WhiteElo "2288"]
[BlackElo "2134"]
[PlyCount "89"]
[EventDate "2016.01.08"]
[EventType "swiss"]
[EventRounds "9"]
[EventCountry "ESP"]
[Source "lmi"]
[SourceDate "2016.01.08"]

1. e4 d5 2. exd5 Qxd5 3. Nc3 Qd6 4. Nf3 Nf6 5. Bc4 a6 6. d3 b5 7. Bb3 Bb7 8.
Qe2 e6 9. Bg5 Nbd7 10. a3 Be7 11. O-O O-O 12. Rad1 c5 13. Ne4 Qc6 14. c3 Rfe8
15. Bc2 Rad8 16. Rfe1 Nd5 17. c4 Bxg5 18. Nexg5 N5f6 19. d4 Nb6 20. cxb5 axb5
21. Nxf7 Rxd4 22. N7e5 Qd5 23. Qxb5 Nc8 24. Bb3 c4 25. Qxd5 Rxd5 26. Bxc4 Rxd1
27. Rxd1 Nb6 28. Ba2 Bd5 29. Bxd5 exd5 30. Rc1 Nbd7 31. Nxd7 Nxd7 32. Kf1 Nf6
33. Nd4 Re4 34. Rd1 Kf7 35. f3 Re7 36. Rc1 Re3 37. Rd1 g6 38. Kf2 Re7 39. Rc1
Rd7 40. Rc5 Ke7 41. b4 Nh5 42. g3 Ng7 43. Ke3 Ne8 44. Kd3 Ra7 45. Nc6+ 1-0

[Event "41 Abierto Ciudad de Sevilla 2016"]
[Site "Sevilla ESP"]
[Date "2016.01.16"]
[Round "9.14"]
[White "Barrenechea Bahamonde, Gustavo"]
[Black "Sgnaolin, Davide"]
[Result "0-1"]
[WhiteElo "2116"]
[BlackElo "2257"]
[PlyCount "70"]
[EventDate "2016.01.08"]
[EventType "swiss"]
[EventRounds "9"]
[EventCountry "ESP"]
[Source "lmi"]
[SourceDate "2016.01.08"]

1. e4 c5 2. b4 cxb4 3. a3 Nf6 4. e5 Nd5 5. axb4 d6 6. c4 Nxb4 7. Ba3 N8c6 8.
Qa4 Qb6 9. Nc3 Bf5 10. Rc1 Qa6 11. Qxa6 bxa6 12. Nd5 Nxd5 13. cxd5 Nxe5 14. Rc3
g6 15. Bxa6 Rb8 16. Ne2 Rb6 17. f4 Rxa6 18. fxe5 Bg7 19. d4 dxe5 20. dxe5 Bxe5
21. Re3 f6 22. O-O Kd7 23. Bc5 Rc8 24. Bd4 Bd6 25. Rb3 Rc2 26. Nc3 Ra5 27. Re1
Bc5 28. Bxc5 Rxc5 29. Re3 Rc4 30. h3 h5 31. Nb5 Be4 32. g4 Rg2+ 33. Kf1 Rc1+
34. Re1 Rxe1+ 35. Kxe1 hxg4 0-1

[Event "41 Abierto Ciudad de Sevilla 2016"]
[Site "Sevilla ESP"]
[Date "2016.01.16"]
[Round "9.15"]
[White "Del Campo Gomez, Jose Luis"]
[Black "Silva Lucena, Cristian"]
[Result "1-0"]
[WhiteElo "2065"]
[BlackElo "2220"]
[PlyCount "71"]
[EventDate "2016.01.08"]
[EventType "swiss"]
[EventRounds "9"]
[EventCountry "ESP"]
[Source "lmi"]
[SourceDate "2016.01.08"]

1. d4 d5 2. c4 e6 3. Nc3 c6 4. e4 dxe4 5. Nxe4 Bb4+ 6. Nc3 c5 7. a3 Ba5 8. Nf3
Nf6 9. Be3 Nc6 10. Qd3 cxd4 11. Nxd4 Ne5 12. Qc2 Neg4 13. Be2 Nxe3 14. fxe3 O-O
15. b4 Bc7 16. O-O Qd6 17. g3 Qe5 18. Kf2 a6 19. Bf3 Rb8 20. Rad1 Qg5 21. Qe2
e5 22. Nc2 Bh3 23. Rfe1 Ng4+ 24. Kg1 f5 25. Rd7 Bd8 26. Red1 e4 27. Bg2 Bxg2
28. Kxg2 Ne5 29. R7d5 Bf6 30. Na4 Nf3 31. Nc5 Qh5 32. Kh1 Be5 33. Rxe5 Rf6 34.
Ne1 Rh6 35. Nxf3 exf3 36. Qf2 1-0

[Event "41 Abierto Ciudad de Sevilla 2016"]
[Site "Sevilla ESP"]
[Date "2016.01.16"]
[Round "9.16"]
[White "Perera Borrego, Mariela"]
[Black "Degro, Heiko"]
[Result "0-1"]
[WhiteElo "2173"]
[BlackElo "2089"]
[PlyCount "86"]
[EventDate "2016.01.08"]
[EventType "swiss"]
[EventRounds "9"]
[EventCountry "ESP"]
[Source "lmi"]
[SourceDate "2016.01.08"]

1. d4 d5 2. c4 dxc4 3. Qa4+ c6 4. Qxc4 Nf6 5. Nf3 Bf5 6. g3 e6 7. Bg2 Nbd7 8.
O-O Nb6 9. Qb3 Be7 10. Nc3 h6 11. a4 a5 12. Re1 O-O 13. e4 Bh7 14. e5 Nfd5 15.
Nxd5 cxd5 16. Bf1 Be4 17. Bd2 Nc4 18. Bxc4 dxc4 19. Qe3 Bd5 20. Bc3 Bc6 21. Kf1
Qd5 22. Ke2 b6 23. h4 Rae8 24. Ng1 f6 25. exf6 Bxf6 26. f4 Qg2+ 27. Kd1 Qd5 28.
Rc1 Re7 29. Rf1 Rd8 30. Nf3 Qd7 31. Ne5 Bxe5 32. Qxe5 Qd5 33. Qe2 Be8 34. f5
Rf7 35. fxe6 Rxf1+ 36. Qxf1 Qxe6 37. Kd2 Bf7 38. Re1 Qd7 39. Qf4 Bg6 40. Re2
Qxa4 41. Ke1 Rf8 42. Qc1 Bd3 43. Rf2 Qe8+ 0-1

[Event "41 Abierto Ciudad de Sevilla 2016"]
[Site "Sevilla ESP"]
[Date "2016.01.16"]
[Round "9.17"]
[White "Esquivias Quintero, Luis Manue"]
[Black "Medina Carrasco, Santiago"]
[Result "1/2-1/2"]
[WhiteElo "2107"]
[BlackElo "2165"]
[PlyCount "30"]
[EventDate "2016.01.08"]
[EventType "swiss"]
[EventRounds "9"]
[EventCountry "ESP"]
[Source "lmi"]
[SourceDate "2016.01.08"]

1. e4 d6 2. d4 Nf6 3. Nc3 c6 4. f4 Qa5 5. Bd3 Bg4 6. Nf3 Na6 7. h3 Bxf3 8. Qxf3
Nb4 9. O-O e6 10. Bd2 Nxd3 11. Qxd3 Qc7 12. Rae1 O-O-O 13. Kh1 h5 14. e5 Nd7
15. Qf3 g6 1/2-1/2

[Event "41 Abierto Ciudad de Sevilla 2016"]
[Site "Sevilla ESP"]
[Date "2016.01.16"]
[Round "9.18"]
[White "Carruana Fuentes, Rafael"]
[Black "Palacios Perez*, Manuel"]
[Result "1/2-1/2"]
[WhiteElo "1974"]
[BlackElo "2157"]
[PlyCount "156"]
[EventDate "2016.01.08"]
[EventType "swiss"]
[EventRounds "9"]
[EventCountry "ESP"]
[Source "lmi"]
[SourceDate "2016.01.08"]

1. c4 e5 2. Nc3 Nc6 3. Nf3 Nf6 4. g3 d5 5. cxd5 Nxd5 6. d3 Be7 7. Bg2 Nb6 8.
O-O O-O 9. a3 a5 10. b3 Re8 11. Bb2 Bf8 12. Qc2 Bg4 13. Nb5 Qd7 14. Rac1 Rac8
15. Rfe1 Bh3 16. Bh1 h6 17. Nc3 Nd4 18. Nxd4 exd4 19. Ne4 c5 20. Bg2 Bxg2 21.
Kxg2 Nd5 22. Kg1 b6 23. Nd2 Qg4 24. Nc4 Re6 25. e4 dxe3 26. Nxe3 Nxe3 27. Rxe3
Rxe3 28. fxe3 Re8 29. Re1 Qf3 30. Qf2 Qd5 31. Qc2 Bd6 32. e4 Qg5 33. Qf2 Be5
34. Bxe5 Qxe5 35. Rf1 Qe6 36. Qc2 Rd8 37. Rf3 Rd4 38. Kg2 Qd7 39. h4 a4 40. Kf2
axb3 41. Qxb3 b5 42. Re3 c4 43. dxc4 bxc4 44. Qc3 Rd2+ 45. Re2 Qa7+ 46. Qe3
Qxe3+ 47. Kxe3 Rd3+ 48. Kf4 Rxa3 49. Rc2 Ra4 50. g4 Kf8 51. Ke5 Ke7 52. Kd5 h5
53. gxh5 Ra5+ 54. Kxc4 Rxh5 55. Rg2 Rxh4 56. Rxg7 Rxe4+ 57. Kd3 Ra4 58. Ke3 Kf6
59. Rg1 Ke5 60. Rg5+ f5 61. Rg8 Ra3+ 62. Kf2 Kf4 63. Rb8 Ra2+ 64. Kf1 Kg3 65.
Rb3+ Kg4 66. Rc3 Rb2 67. Ra3 f4 68. Rc3 Rh2 69. Kg1 Re2 70. Kf1 Rb2 71. Ra3 Rh2
72. Kg1 Re2 73. Kf1 Re3 74. Rxe3 fxe3 75. Ke2 Kf4 76. Ke1 Kf3 77. Kf1 e2+ 78.
Ke1 Ke3 1/2-1/2

[Event "41 Abierto Ciudad de Sevilla 2016"]
[Site "Sevilla ESP"]
[Date "2016.01.16"]
[Round "9.19"]
[White "Hernandez Muã<->oz, Antonio Ramon"]
[Black "Morales Barrera, Raul"]
[Result "1-0"]
[WhiteElo "2154"]
[BlackElo "2086"]
[PlyCount "70"]
[EventDate "2016.01.08"]
[EventType "swiss"]
[EventRounds "9"]
[EventCountry "ESP"]
[Source "lmi"]
[SourceDate "2016.01.08"]

1. d4 d6 2. Nf3 Bg4 3. g3 Bxf3 4. exf3 e6 5. Bd3 g6 6. h4 Nf6 7. O-O Bg7 8. c3
O-O 9. Bg5 h6 10. Bxf6 Qxf6 11. h5 gxh5 12. Nd2 d5 13. f4 h4 14. Qh5 Nd7 15.
Nf3 hxg3 16. fxg3 Qe7 17. Rae1 Nf6 18. Qh3 Qd6 19. f5 Rae8 20. Ne5 exf5 21.
Bxf5 c5 22. Rf4 cxd4 23. cxd4 Qb4 24. Ref1 Ne4 25. Nd7 Qxd4+ 26. Kh1 Qe3 27.
Bxe4 Rxe4 28. R4f3 Qe2 29. Nxf8 Kxf8 30. Rxf7+ Kg8 31. Qf5 Re8 32. Qxd5 Kh8 33.
R1f2 Qe1+ 34. Kg2 Rg8 35. Rxg7 Rxg7 1-0

[Event "41 Abierto Ciudad de Sevilla 2016"]
[Site "Sevilla ESP"]
[Date "2016.01.16"]
[Round "9.20"]
[White "Aranaz Portugues, Jose Carlos"]
[Black "Ferrer Freyre, David"]
[Result "1-0"]
[WhiteElo "2162"]
[BlackElo "1973"]
[PlyCount "104"]
[EventDate "2016.01.08"]
[EventType "swiss"]
[EventRounds "9"]
[EventCountry "ESP"]
[Source "lmi"]
[SourceDate "2016.01.08"]

1. d4 d5 2. c4 e6 3. Nc3 Nf6 4. cxd5 exd5 5. Bg5 Be7 6. e3 O-O 7. Bd3 Re8 8.
Nge2 Nbd7 9. Qc2 Nf8 10. a3 g6 11. h4 Nh5 12. Bxe7 Rxe7 13. O-O-O c6 14. Rdg1
f5 15. Nf4 Nxf4 16. exf4 Qd6 17. Ne2 h5 18. Rh3 Bd7 19. Kb1 Rae8 20. Rg3 Kh8
21. Rh1 b6 22. Rc1 Qf6 23. Rh3 Ne6 24. Qc3 Kg7 25. Re3 Qxh4 26. Bxf5 Nxf4 27.
Bxd7 Nxe2 28. Rxe2 Rxe2 29. Bxe8 Qe4+ 30. Ka2 Qxe8 31. Qg3 Qd7 32. Qf3 Re4 33.
Qc3 Re6 34. f3 Qd6 35. Qd2 Qe7 36. Qf4 Qf7 37. Qd2 Qf5 38. Rc3 g5 39. Qc1 Qf6
40. Qd2 Kf7 41. Qd3 Kg7 42. Qa6 Qxd4 43. Qxa7+ Kg6 44. Qb8 Kg7 45. Qc7+ Kf6 46.
Qd8+ Kf5 47. Qd7 c5 48. Qh7+ Rg6 49. g4+ hxg4 50. fxg4+ Kf6 51. Rf3+ Qf4 52.
Qh8+ Ke6 1-0